Antimikrobiálna ochrana prírodných polymérnych materiálov v objektoch kultúrneho dedičstva

Guardado en:
Detalles Bibliográficos
Autor principal: Blašková, Emília (Autor)
Otros Autores: Vizárová, Katarína, 1965- (Orientador)
Formato: Manuscrito Libro
Lenguaje:eslovaco
Publicado: 2015
Materias:
Acceso en línea:http://is.stuba.sk/zp/portal_zp.pl?podrobnosti=113179
Etiquetas: Agregar Etiqueta
Sin Etiquetas, Sea el primero en etiquetar este registro!

MARC

LEADER 00000ntm a22000003a 4500
001 stuzp51851
003 SK-STU
005 20160719154002.1
007 ta
008 150427s2015----xo-----f-mn---000-0-slo-d
040 |a STU  |b slo 
041 0 |a slo 
100 1 |a Blašková, Emília  |u 049380  |4 aut  |U FCHPT Ústav prírodných a syntetických polymérov  |T FCHPT Oddelenie dreva, celulózy a papiera  |X 43420  |U C9380  |Y 129  |7 43420 
242 0 1 |a Antimicrobial Protection of the Natural Polymer Materials in the Objects of Cultural Heritag  |y eng 
245 1 0 |a Antimikrobiálna ochrana prírodných polymérnych materiálov v objektoch kultúrneho dedičstva 
260 |c 2015 
650 4 |a mikrobiálna kontaminácia  |2 slo 
650 4 |a prírodné polyméry  |2 slo 
650 4 |a biodegradácia  |2 slo 
650 4 |a antimikrobiálna ochrana  |2 slo 
650 4 |a dezinfekčné prostriedky  |2 slo 
650 4 |a microbial contamination  |2 eng 
650 4 |a antimicrobial protection  |2 eng 
650 4 |a disinfectant  |2 eng 
650 4 |a natural polymers  |2 eng 
650 4 |a biodeterioration  |2 eng 
700 1 |a Vizárová, Katarína,  |d 1965-  |4 ths  |X 3902  |7 A000003902 
856 4 |u http://is.stuba.sk/zp/portal_zp.pl?podrobnosti=113179 
SQL |a stuzp51851  |b DDP  |c SLO  |d Antimikrobiálna ochrana prírodných polymérnych materiálov v objektoch kultúrneho dedičstva  |e 43420  |f Blašková, Emília  |g 049380  |h 3902  |i Vizárová, Katarína  |j 20150609  |k 542  |l 04  |m http://is.stuba.sk/zp/portal_zp.pl?podrobnosti=113179  |n I-PSP  |o 5.2.18. chemické technológie